000 00833cam a2200241 a 4500
008
020 _a1853122793 (hbk.)
049 _aMAIN
090 _aTA347.B69TRE
100 1 _aTrevelyan, John.
245 1 0 _aBoundary elements for engineers :
_btheory and applications /
_cJ. Trevelyan.
260 _aSouthampton, UK ;
_aBoston :
_bComputational Mechanics Publications,
_cc1994.
300 _a215 p. :
_bill. ;
_c25 cm.
500 _aSystem requirements for computer disk: IBM PC and compatibles; 640kB.
504 _aIncludes bibliographical references and index.
650 0 _aBoundary element methods.
650 0 _aEngineering mathematics.
907 _a.b10168291
_b15-09-05
_c18-07-05
003
005 20230123134034.0
040 _cNUST
942 _cBOOKS
_kTA347.B69TRE
999 _c158960
_d158960